<?xml version="1.0" encoding="UTF-8"?>
<record
    xmlns:xsi="http://www.w3.org/2001/XMLSchema-instance"
    xsi:schemaLocation="http://www.loc.gov/MARC21/slim http://www.loc.gov/standards/marcxml/schema/MARC21slim.xsd"
    xmlns="http://www.loc.gov/MARC21/slim">

  <leader>00485nam a2200169Ia 4500</leader>
  <controlfield tag="008">231019s9999||||xx |||||||||||||| ||und||</controlfield>
  <datafield tag="020" ind1=" " ind2=" ">
    <subfield code="a">979-96055-2-0</subfield>
  </datafield>
  <datafield tag="040" ind1=" " ind2=" ">
    <subfield code="a">ID-SmMUS</subfield>
  </datafield>
  <datafield tag="084" ind1=" " ind2=" ">
    <subfield code="a">128-0209 SYA Gov Bo.1</subfield>
  </datafield>
  <datafield tag="100" ind1=" " ind2=" ">
    <subfield code="a">Inu Kencana Syafi'ie</subfield>
  </datafield>
  <datafield tag="245" ind1=" " ind2="0">
    <subfield code="a">Kepemimpinan Pemerintahan Indonesia</subfield>
  </datafield>
  <datafield tag="250" ind1=" " ind2=" ">
    <subfield code="a">Ke-4</subfield>
  </datafield>
  <datafield tag="260" ind1=" " ind2=" ">
    <subfield code="a">Bandung</subfield>
    <subfield code="b">Refika Aditama</subfield>
    <subfield code="c">2013</subfield>
  </datafield>
  <datafield tag="300" ind1=" " ind2=" ">
    <subfield code="a">i-xi + 157 hlm</subfield>
  </datafield>
  <datafield tag="650" ind1=" " ind2=" ">
    <subfield code="a">Government, Pemerintahan</subfield>
    <subfield code="e">G-O-V</subfield>
    <subfield code="v">Kepemimpinan Pemerintahan</subfield>
  </datafield>
  <datafield tag="942" ind1=" " ind2=" ">
    <subfield code="c">BK</subfield>
    <subfield code="0">1</subfield>
  </datafield>
  <datafield tag="999" ind1=" " ind2=" ">
    <subfield code="c">23617</subfield>
    <subfield code="d">23608</subfield>
  </datafield>
  <datafield tag="952" ind1=" " ind2=" ">
    <subfield code="0">0</subfield>
    <subfield code="1">0</subfield>
    <subfield code="4">0</subfield>
    <subfield code="7">0</subfield>
    <subfield code="a">FUML</subfield>
    <subfield code="b">FUML</subfield>
    <subfield code="c">SHELF</subfield>
    <subfield code="d">2023-10-19</subfield>
    <subfield code="g">7.00</subfield>
    <subfield code="l">1</subfield>
    <subfield code="o">128-0209 SYA Gov Bo.1</subfield>
    <subfield code="p">128020901</subfield>
    <subfield code="r">2024-11-06</subfield>
    <subfield code="s">2024-10-25</subfield>
    <subfield code="t">1</subfield>
    <subfield code="w">2023-10-19</subfield>
    <subfield code="y">BK</subfield>
    <subfield code="z">Sumbangan Dari Dewi Angraini Mahasiswi Ilmu Pemerintahan</subfield>
  </datafield>
</record>
